000 00921nam a2200253Ia 4500
003 OSt
005 20221005104522.0
006 a|||||r|||| 00| 0
007 ta
008 221004b |||||||| |||| 00| 0 hin d
020 _a8190255223 (hbk)
_c295
024 _a97344
037 _b426, 24/03/2009, Swaraj Prakashan
_cTextual
040 _aCRL
_cCRL
_bhin
041 _2hin
_ahin
082 _aO152:g(P), P8
100 _aतिवारी, सियाराम
245 0 _aहिन्दी साहित्य
_b भाषिक परिदृश्य
246 _aHindī sāhitya: bhāṣhik paridṛushya
260 _aदिल्ली
_bयश पब्लिकेशन्स भारत
_c2008
300 _a205पृ0
_ccm.
942 _hO152:g(P), P8
_cTEXL
_2cc
999 _c1012955
_d1012955